| 000 | 003390000a22001570004500 | ||
|---|---|---|---|
| 001 | 000103 | ||
| 003 | MACL | ||
| 040 | _aMACL | ||
| 090 |
_c103 _d103 |
||
| 100 | _aRam, Malik | ||
| 245 |
_aHali _bMakers of indian literature _cMalik Ram |
||
| 260 |
_aSahitya Akademi, _c1997 |
||
| 350 | _a25 | ||
| 650 | _aBiography | ||
| 942 |
_k920/RAM _cBOOK |
||
| 999 |
_c49410 _d49410 |
||